000 00587nam a2200253Ia 4500
003 OSt
005 20220912145605.0
006 a|||||r|||| 00| 0
007 ta
008 220909b |||||||| |||| 00| 0 eng d
024 _a70541
037 _cTextual
040 _aCSL
_beng
_cCSL
041 _aeng
082 _aG, K94
100 _aDearden M
245 0 _aModern course in biology
260 _c1969
300 _ap.
_ccm.
650 _aBiology
700 _a Dearden Roma
942 _hG, K94
_cTEXL
_2CC
999 _c34460
_d34460